000 00448nam a2200133Ia 4500
008 221007s9999 xx 000 0 und d
041 _aeng
082 _bBAM
100 _aBamb Rashi - 2k131005; Dr. Sonali Parchure - Guide & [Company Name] Bank of Maharashtra
_9103220
245 _aChanging Technology and Customer Needs in the Banking Industry
260 _cSep-14
_bSavitribai Phule Pune University
_aPune
300 _a53p
906 _bGeneral
999 _c73552
_d73552